Political campaigning, elections and the internet. Comparing the US, UK, France and Germany.
Saved in:
| Main Authors: | , |
|---|---|
| Format: | Ukendt |
| Udgivet: |
London, United Kingdom:
Routledge Taylor & Francis Group,
2011.
|
| Serier: | Routledge research in political communication
|
| Fag: | |
| Tags: |
Tilføj Tag
Ingen Tags, Vær først til at tagge denne postø!
|
MARC
| LEADER | 00000 a2200000 4500 | ||
|---|---|---|---|
| 003 | CL-VaPUC | ||
| 005 | 20230324110426.0 | ||
| 008 | 230113t2011 ||||| |||| 00| 0 eng d | ||
| 999 | |c 439857 |d 439855 | ||
| 020 | |a 978-0-415-57218-7 | ||
| 040 | |c Pontificia Universidad Católica de Valparaíso | ||
| 082 | 7 | |a 324.70285 LIL 2011 |2 22 | |
| 100 | 1 | |a Lilleker, Darren G. |9 879784 |e author | |
| 245 | 1 | |a Political campaigning, elections and the internet. |b Comparing the US, UK, France and Germany. | |
| 260 | |a London, United Kingdom: |b Routledge Taylor & Francis Group, |c 2011. | ||
| 300 | |a 197 páginas. | ||
| 440 | |a Routledge research in political communication |9 878860 | ||
| 583 | |k GC |c 20230113 | ||
| 650 | |a Internet |x Campañas políticas |9 879881 | ||
| 650 | |a Elecciones |x Recursos informáticos |9 879882 | ||
| 700 | |a Jackson, Nigel A |e author |9 879865 | ||
| 942 | |2 ddc |c BK | ||
| 952 | |0 0 |1 0 |2 ddc |4 0 |6 324_702850000000000_LIL_2011 |7 0 |8 A |9 588592 |a BIBCUR |b BIBCUR |d 2023-01-10 |e 155 |g 355465.00 |i 5656372 |o 324.70285 LIL 2011 |p 5656372 |r 2025-04-22 |t 1 |v 355465.00 |w 2023-01-10 |y BK |k PER | ||